Statistics for Category Elimination - English football teams

Click here to take the quiz!

General Stats

  • This quiz has been taken 198 times
  • The average score is 17 of 20

Answer Stats

Group#Category% Correct
Green20Teams in the Premier League season 2019/20
99%
Green10...that finished in the top 10 in 2018/19
98%
Green5... that scored less than 65 goals
96%
Blue17... that have their name on the club badge
95%
Red25Teams that have won the English top-flight
94%
Blue7... that finished in the top 8 last season
94%
Blue20Teams in the Premier League season 2019/20
94%
Green2... that begins with a W
94%
Blue4...that is not in London
93%
Red9... that begins with letter between A-J
93%
Red5... and are in Premier League 2019/20
92%
Yellow24Teams in the EFL Championship 2019/20
91%
Yellow21... that did not get promoted last season
90%
Yellow15... that do not end with the word "city"
89%
Green1... and recieved 57 points that campaign
Wolverhampton
Wanderers
89%
Blue1... and won the 2018/19 EPL season
Manchester City
87%
Red2... have won it less than 7 times
83%
Yellow4... that do not have their name on their badges
70%
Yellow1... that got relegated from EPL last season
Fulham
35%
Red1... and whose stadium is further north than Manchester
Burnley
28%

Score Distribution

Percentile by Number Answered

Percent of People with Each Score

Your Score History

You have not taken this quiz